01140nam a2200265 a 4500001000200000003000900002005001700011008004100028020001800069040002600087082002700113100004300140245013400183260006000317300002100377490003900398500007400437500003500511650005700546650007200603650004300675650005400718700004300772710005900815 DO-SdBNP20220126103525.0100210s2007 dr 001 0 spa d a9789945020267 aDO-SdBNPbspacBPMSU  a305.42bH831e 20072221 aHostos, Eugenio María de,d1839-190313aLa educación científica de la mujer /cEugenio María de Hostos ; presentación y compilación Ramonina Brea del Castillo. aSanto Domingo :bArchivo General de la Nación,c2007. a136 p. ;c24 cm.0 aArchivo General de la Naciónv43 aIncluye referencias bibliográficas y notas al pie de las páginas  aIncluye índice onómastico  4aEducación de la mujerxEnsayos, conferencias, etc. 4aDiscriminación sexual en educaciónxEnsayos, conferencias, etc. 4aMujeresxCuestiones sociales y morales 4aDerechos de la mujerxEnsayos, conferencias, etc.1 aBrea del Castillo, Ramonina,epresent.2 aArchivo General de la Nación(República Dominicana)